Successfsul school leadership : (Record no. 809)
[ view plain ]
| 000 -LEADER | |
|---|---|
| fixed length control field | 01299nam a22003734a 4500 |
| 003 - CONTROL NUMBER IDENTIFIER | |
| control field | OCoLC |
| 005 - DATE AND TIME OF LATEST TRANSACTION | |
| control field | 20210621071809.0 |
| 008 - FIXED-LENGTH DATA ELEMENTS--GENERAL INFORMATION | |
| fixed length control field | 080625s2010 maua b 001 0 eng |
| 020 ## - INTERNATIONAL STANDARD BOOK NUMBER | |
| International Standard Book Number | 020546999X |
| 020 ## - INTERNATIONAL STANDARD BOOK NUMBER | |
| International Standard Book Number | 9780205469994 |
| 040 ## - CATALOGING SOURCE | |
| Transcribing agency | DLC |
| 043 ## - GEOGRAPHIC AREA CODE | |
| Geographic area code | n-us--- |
| 049 ## - LOCAL HOLDINGS (OCLC) | |
| Holding library | UOHA |
| 050 00 - LIBRARY OF CONGRESS CALL NUMBER | |
| Classification number | LB2805 |
| Item number | .G883 2010 |
| 090 ## - LOCALLY ASSIGNED LC-TYPE CALL NUMBER (OCLC); LOCAL CALL NUMBER (RLIN) | |
| Classification number (OCLC) (R) ; Classification number, CALL (RLIN) (NR) | LB2805 .G98 2010 |
| 100 1# - MAIN ENTRY--PERSONAL NAME | |
| Personal name | Guthrie, James W. |
| 245 10 - TITLE STATEMENT | |
| Title | Successfsul school leadership : |
| Remainder of title | planning, politics, performance, and power / |
| Statement of responsibility, etc. | James W. Guthrie, Patrick J. Schuermann. |
| 260 ## - PUBLICATION, DISTRIBUTION, ETC. | |
| Place of publication, distribution, etc. | Boston : |
| Name of publisher, distributor, etc. | Allyn & Bacon, |
| Date of publication, distribution, etc. | c2010. |
| 300 ## - PHYSICAL DESCRIPTION | |
| Extent | xiv, 442 p. : |
| Other physical details | ill. ; |
| Dimensions | 24 cm. |
| 504 ## - BIBLIOGRAPHY, ETC. NOTE | |
| Bibliography, etc. note | Includes bibliographical references and index. |
| 650 #0 - SUBJECT ADDED ENTRY--TOPICAL TERM | |
| Topical term or geographic name entry element | School management and organization |
| Geographic subdivision | United States. |
| 650 #0 - SUBJECT ADDED ENTRY--TOPICAL TERM | |
| Topical term or geographic name entry element | Educational leadership |
| Geographic subdivision | United States. |
| 700 1# - ADDED ENTRY--PERSONAL NAME | |
| Personal name | Schuermann, Patrick Jude. |
| 856 42 - ELECTRONIC LOCATION AND ACCESS | |
| Uniform Resource Identifier | http://library.usask.ca/scripts/remote?URL=http://www.loc.gov/catdir/toc/ecip0822/2008027172.html |
| 907 ## - LOCAL DATA ELEMENT G, LDG (RLIN) | |
| a | .b30376671 |
| 942 ## - ADDED ENTRY ELEMENTS (KOHA) | |
| Source of classification or shelving scheme | |
| Koha item type | Book |
| Suppress in OPAC | SO |
| Withdrawn status | Lost status | Source of classification or shelving scheme | Damaged status | Not for loan | Permanent Location | Current Location | Shelving location | Date acquired | Total Checkouts | Full call number | Barcode | Date last seen | Copy number | Price effective from | Koha item type | Public note |
|---|---|---|---|---|---|---|---|---|---|---|---|---|---|---|---|---|
| AU LIBRARY | AU LIBRARY | Open Shelf | 21.06.2021 | LB2805 .G883 2010 C1 | 28000369 | 21.06.2021 | 1 | 21.06.2021 | Book | SO | ||||||
| AU LIBRARY | AU LIBRARY | Open Shelf | 21.06.2021 | LB2805 .G883 2010 C2 | 28001765 | 21.06.2021 | 2 | 21.06.2021 | Book | SO |